000 00714nam a22002177i 4500
999 _c22940
_d22940
003 AR-CdUCM
008 240605b20222022 pe||||| |||| 00| 0 spa d
020 _a978-612-4465-30-7
040 _aMUNICIPALIDAD PROVINCIAL DEL CUSCO
_cBIBLIOTECA MUNICIPAL DEL CUSCO
082 _aPI/ 376.35/ C25
_bC25
100 _aCanizales Jiménez, Harold
_950218
245 _aEs mágico = LLaksachiq /
260 _aCusco :
_bAletheya,
_c2022
300 _a22 páginas. :
_bIlustraciones en color.
_c18 cm.
650 _aCuento
_94671
650 _aTexto en quechua y español.
_925001
650 _aLiteratura infantil
_9588
700 _aAlmirón, Fidel. [traductor]
_950063
942 _2ddc
_cLIBROS
945 _apbj
_d2024-06-05